000 00810nam a22002297a 4500
001 47508
003 BD-RjUL
005 20211209054330.0
008 160809s2002 bg ||||| |||| 00| 0 ben d
020 _a9844122899
035 _a(BD-RjUL)47627
040 _aBD-RjUL
_bben
_cBD-RjUL
_dBD-RjUL
041 _aben
082 _223
_a581
_bPAS 2002
100 _aপাল, নিশীথ কুমার
_9119563
245 1 0 _aশরীরতাত্ত্বিক উদ্ভিদ পরিবেশবিদ্যা /
_cনিশীথ কুমার পাল
260 _aঢাকা :
_bবাংলাবাজার,
_c২০০২
300 _a১২৪ পৃ. :
_bচিত্র ;
_c২১ সেমি.
650 _aউদ্ভিদ
_9144443
650 _aPlant
_9144444
942 _2ddc
_cBK
999 _c47508
_d47508